Coupe du Monde Rugby: Roumanie - Statistiques

Statistiques générales
  • Ce quiz a été pris 43 fois
    33 depuis la dernière actualisation
  • Le résultat moyen est 14 sur 17
Statistiques - réponses
Réponse % Correct
France
97%
Irlande
97%
Australie
93%
Angleterre
90%
Argentine
90%
Nouvelle-Zélande
90%
Afrique du Sud
86%
Ecosse
86%
Tonga
86%
Etats-Unis
83%
Fidji
83%
Géorgie
79%
Italie
76%
Portugal
76%
Canada
72%
Namibie
66%
Zimbabwe
48%
Aucun quiz correspondant
Distribution des résultats
% des personnes avec chaque résultat
Percentile par nombre de réponses
Votre historique - résultats
Vous n’avez pas pris ce quiz depuis la dernière actualisation